02326nam a22003494a 4500001001200000003000800012006001900020007001500039008004100054010001700095015001900112016002000131016001800151020002800169040002100197035002100218050002700239082001900266100002800285245015900313260005800472300002400530504006400554505096200618533015201580650002201732655002901754700003501783710001701818856012601835999001501961ebr10271548CaPaEBRm u cr cn|||||||||050328s2006 enka sb 001 0 eng  z 2005008890 aGBA5947262bnb7 z1012448332DNLM7 z0133322182Uk z0195172450 (alk. paper) aCaPaEBRcCaPaEBR a(OCoLC)60943707014aRC394.M46bP365 2006eb04a616.85/2322221 aPapanicolaou, Andrew C.14aThe amnesiash[electronic resource] :ba clinical textbook of memory disorders /cAndrew C. Papanicolaou ; with Rebecca Billingsley-Marshall ... [et al.]. aOxford ;aNew York :bOxford University Press,c2006. axvi, 320 p. :bill. aIncludes bibliographical references (p. 257-314) and index.0 aPhenomena and constructs / Andrew C. Papanicolaou -- Putative brain mechanisms of the various memory function / Pramod K. Dash ... [et al.] -- Age-related memory decline / Alexandra Economou, Panagiotis G. Simos, and Andrew C. Papanicolaou -- Amnesia associated with the dementias / Alexandra Economou, Sokratis G. Papageorgiou, and Andrew C. Papanicolaou -- Semantic amnesia / Andrew C. Papanicolaou ... [et al.] -- Limbic amnesia / Rebecca Billingsley-Marshall, Panagiotis G. Simos, and Andrew C. Papanicolaou -- Traumatic amnesia / Mary H. Kosmidis ... [et al.] -- Transient global amnesia / Panagiotis G. Simos and Andrew C. Papanicolaou -- Transient epileptic amnesia / Mary H. Kosmidis and Andrew.C. Papanicolaou -- Electroconvulsive therapy-induced amnesia / Mary H. Kosmidis and Andrew.C. Papanicolaou -- Psychogenic amnesias / Ioanna Savvidou, Vasilis P. Bozikas, and Andrew C. Papanicolaou -- Notes for a theory of memory / Andrew C. Papanicolaou. aElectronic reproduction.bPalo Alto, Calif. :cebrary,d2013.nAvailable via World Wide Web.nAccess may be limited to ebrary affiliated libraries. 0aMemory disorders. 7aElectronic books.2local1 aBillingsley-Marshall, Rebecca.2 aebrary, Inc.40uhttp://site.ebrary.com/lib/rucke/Doc?id=10271548zAn electronic book accessible through the World Wide Web; click to view c7411d7411